Duivels met dubbele tongen; (Record no. 1653)

MARC details
000 -LEADER
fixed length control field 00609cam a22001931 4500
001 - CONTROL NUMBER
control field af 47002301
003 - CONTROL NUMBER IDENTIFIER
control field DLC
005 - DATE AND TIME OF LATEST TRANSACTION
control field 20260227110813.0
008 - FIXED-LENGTH DATA ELEMENTS--GENERAL INFORMATION
fixed length control field 870709s1944 ne a 000 0 dut c
010 ## - LIBRARY OF CONGRESS CONTROL NUMBER
LC control number af 47002301
035 ## - SYSTEM CONTROL NUMBER
System control number (OCoLC)16156070
040 ## - CATALOGING SOURCE
Original cataloging agency Michigan. Univ. Library
Transcribing agency CLU
Modifying agency DLC
042 ## - AUTHENTICATION CODE
Authentication code premarc
050 00 - LIBRARY OF CONGRESS CALL NUMBER
Classification number PT5844.H578
Item number D8
100 1# - MAIN ENTRY--PERSONAL NAME
Personal name Hoof, Henri van.
245 10 - TITLE STATEMENT
Title Duivels met dubbele tongen;
Remainder of title de nederlandsche tragedie van 1921-1941,
Statement of responsibility, etc. in romanvorm verteld door Henri van Hoof.
260 ## - PUBLICATION, DISTRIBUTION, ETC.
Place of publication, distribution, etc. Amsterdam,
Name of publisher, distributor, etc. Volksche uitgeverij Westland,
Date of publication, distribution, etc. 1944.
300 ## - PHYSICAL DESCRIPTION
Extent 231 p.
Other physical details illus.
Dimensions 19 cm.

No items available.

Powered by Koha